|
|
|
|
| LEADER |
00000nlm0a2200000 4500 |
| 001 |
57462 |
| 005 |
20231031054240.0 |
| 035 |
|
|
|a (RuTPU)RU\TPU\book\60628
|
| 090 |
|
|
|a 57462
|
| 100 |
|
|
|a 20031104d2002 k y0rusy50 ca
|
| 101 |
0 |
|
|a rus
|
| 102 |
|
|
|a RU
|
| 105 |
|
|
|a a dm 000zy
|
| 135 |
|
|
|a drbn ---uucaa
|
| 181 |
|
0 |
|a i
|
| 182 |
|
0 |
|a b
|
| 200 |
1 |
|
|a Санитарно-строительная и бытовая керамика с использованием нетрадиционного сырья сибирского региона
|b Электронный ресурс
|e автореферат диссертации на соискание ученой степени кандидата технических наук
|f А. А. Решетников
|g Томский политехнический университет; науч. рук.: В. М. Погребенков
|
| 203 |
|
|
|a Текст
|c электронный
|
| 210 |
|
|
|a Томск
|c [Б. и.]
|d 2002
|
| 215 |
|
|
|a 1 файл :757 Kb)
|
| 230 |
|
|
|a Электронные текстовые данные (1 файл :757 Kb)
|
| 300 |
|
|
|a Заглавие с титульного экрана
|
| 300 |
|
|
|a Электронная версия печатной публикации
|
| 337 |
|
|
|a Adobe Reader
|
| 452 |
|
1 |
|0 (RuTPU)RU\TPU\book\41457
|t Санитарно-строительная и бытовая керамика с использованием нетрадиционного сырья сибирского региона
|o автореферат диссертации на соискание ученой степени кандидата технических наук: 05.17.11
|f А. А. Решетников
|g Томский политехнический университет; научн. рук.: В. М. Погребенков
|c Томск
|n Б.и.
|d 2002
|p 21 с.
|a Решетников, Андрей Александрович
|
| 610 |
1 |
|
|a химическая технология
|
| 610 |
1 |
|
|a керамика
|
| 610 |
1 |
|
|a санитарно-строительный фарфор
|
| 610 |
1 |
|
|a состав
|
| 610 |
1 |
|
|a сырье
|
| 610 |
1 |
|
|a производство
|
| 610 |
1 |
|
|a структура
|
| 610 |
1 |
|
|a свойства
|
| 610 |
1 |
|
|a исследование
|
| 610 |
1 |
|
|a Сибирь
|
| 610 |
1 |
|
|a фарфор
|
| 610 |
1 |
|
|a технология
|
| 610 |
1 |
|
|a авторефераты диссертаций
|
| 610 |
1 |
|
|a электронный ресурс
|
| 675 |
|
|
|a 666.7(04)
|v 3
|
| 686 |
|
|
|a 05.17.11
|2 oksvnk
|
| 700 |
|
1 |
|a Решетников
|b А. А.
|g Андрей Александрович
|
| 702 |
|
1 |
|a Погребенков
|b В. М.
|c химик-технолог
|c профессор Томского политехнического университета, доктор технических наук
|f 1954-
|g Валерий Матвеевич
|2 stltpush
|3 (RuTPU)RU\TPU\pers\26404
|4 727
|
| 712 |
0 |
2 |
|a Томский политехнический университет
|2 stltpush
|3 (RuTPU)RU\TPU\col\376
|
| 801 |
|
1 |
|a RU
|b 63413507
|c 20031104
|g PSBO
|
| 801 |
|
2 |
|a RU
|b 63413507
|c 20151113
|g PSBO
|
| 856 |
4 |
|
|u http://www.lib.tpu.ru/fulltext/a/2002/12.pdf
|
| 942 |
|
|
|c CF
|